| 000 | 01016cam a22002895a 4500 | ||
|---|---|---|---|
| 001 | 013315079 | ||
| 003 | OSt | ||
| 005 | 20160315111625.0 | ||
| 008 | 060217s2006 enka frb f001 0 eng d | ||
| 020 | _a9780198566601 (pbk.) | ||
| 020 | _a0198566603 (pbk.) | ||
| 040 |
_aStDuBDS _beng _cStDuBDS _dUk _dEG-ScBUE |
||
| 082 | 0 | 4 |
_a616.0194 _222 _bCOL |
| 100 | 1 |
_aCollier, L. H. _q(Leslie Harold), _d1921-2011. _939553 |
|
| 245 | 1 | 0 |
_aHuman virology : _ba text for students of medicine, dentistry, and microbiology / _cLeslie Collier and John Oxford ; with illustrations by Jim Pipkin. |
| 250 | _a3rd ed. | ||
| 260 |
_aOxford : _bOxford University Press, _c2006. |
||
| 300 |
_axviii, 303 p. : _bill. (some col.) ; _c28 cm. |
||
| 500 | _aIndex : p. 295-303. | ||
| 504 | _aIncludes bibliographical references. | ||
| 650 | 7 |
_aMedical virology. _2BUEsh _939554 |
|
| 650 | 7 |
_aVirus diseases. _2BUEsh _939555 |
|
| 653 |
_bPPhrm _cMarch2016 |
||
| 700 | 1 |
_aOxford, J. S. _q(John Sidney) |
|
| 700 | 1 | _aPipkin, Jim | |
| 942 | _2ddc | ||
| 999 |
_c21415 _d21387 |
||